Géographie de Paris par lettre - C - Statistiques

Statistiques générales
  • Ce quiz a été pris 41 fois
    6 depuis la dernière actualisation
  • Le résultat moyen est 8 sur 20
Statistiques - réponses
Question Réponse % Correct
Lieu de mémoire souterrain abritant les restes de millions de Parisiens Catacombes
100%
Plus célèbre avenue du monde Champs-Elysées
100%
Plus grand Aéroport français Charles de Gaulle
100%
Célèbre cathédrale gothique située sur l’île de la Cité Cathédrale Notre-Dame
75%
Musée national d’art moderne situé au cœur du quartier du Marais Centre Pompidou
75%
Plus grosse station de métro de Paris Châtelet
75%
Boulevard très connue reliant l'Opéra Garnier à la rue de Rivoli Capucines
50%
Théâtre célèbre situé dans le 1er arrondissement Comédie-Française
50%
Ancienne voie ferrée réaménagée en promenade Coulée Verte
50%
Nom du plus grand quartier administratif du 5e Censier
25%
Monument historique qui fut une prison royale, puis un palais de justice Conciergerie
25%
Station de métro et quartier situés près du parc Monceau Courcelles
25%
Célèbre institution culinaire française, située 6 rue de la Paix Café de la Paix
0%
Jardin public situé dans le 6e arrondissement, près du Sénat Champ de Mars
0%
Lieu parisien célèbre pour ses passages voûtés et ses boutiques Choiseul (Passage)
0%
Passage du 2e arrondissement, le plus ancien de Paris, souvent surnommé le "passage des antiquaires" Colbert
0%
Institut universitaire prestigieux situé dans le Quartier latin Collège de France
0%
Place parisienne reliant les Champs-Élysées au jardin des Tuileries Concorde (Place de la)
0%
Cour pavée du 11e arrondissement, véritable village caché près de la Bastille Cour Damoye
0%
Nom d'une rue célèbre du 5e arrondissement, située près du Panthéon Cujas (Rue)
0%
Aucun quiz correspondant
Distribution des résultats
% des personnes avec chaque résultat
Percentile par nombre de réponses
Votre historique - résultats
Vous n’avez pas pris ce quiz depuis la dernière actualisation